Nói chuyện về giáo dục gia đình

Một số bài nói chuyện về giáo dục gia đình trẻ em: gia đình xưa và nay, những khó khăn trong việc giáo dục đứa con một, uy quyền của cha mẹ, sự chuân rbị lao động trong gia đình, giáo dục giới tính

محفوظ في:
التفاصيل البيبلوغرافية
المؤلف الرئيسي: Macarencô, A.
مؤلفون آخرون: Thiệu Huy (dịch)
التنسيق: كتاب
اللغة:Vietnamese
منشور في: H. Kim Đồng 1978
الطبعة:In lần 2
الموضوعات:
الوسوم: إضافة وسم
لا توجد وسوم, كن أول من يضع وسما على هذه التسجيلة!
Thư viện lưu trữ: Mạng thư viện Đại học Đà Nẵng
LEADER 01384nam a2200361 4500
001 000006276
003 2431
005 20110907090911.0
008 110907s1978 viesd
020 |c 8500đ 
041 0 |a vie 
082 |a 372.21  |b MAC 
100 0 |a Macarencô, A. 
245 0 |a Nói chuyện về giáo dục gia đình  |c A. Macarencô ; Thiệu Huy dịch 
250 |a In lần 2 
260 |a H.  |b Kim Đồng  |c 1978 
300 |a 115 tr  |c 19 cm 
520 |a Một số bài nói chuyện về giáo dục gia đình trẻ em: gia đình xưa và nay, những khó khăn trong việc giáo dục đứa con một, uy quyền của cha mẹ, sự chuân rbị lao động trong gia đình, giáo dục giới tính 
653 |a giáo dục giới tính 
653 |a giáo dục gia đình 
653 |a trẻ em 
700 |a Thiệu Huy  |e dịch 
910 |a Nguyễn Thị Kim Oanh  |d 07/09/2011 
OWN |a LSP 
AVA |a UDN50  |b LSP  |d 372.21 MAC  |e unavailable  |t Error 5002 Not defined in file expand_doc_bib_avail.  |f 5  |g 5  |h N  |i 0  |k 1 
999 |a From the UDN01 
AVA |a UDN50  |b LSP  |d 372.21 MAC  |e unavailable  |t Error 5002 Not defined in file expand_doc_bib_avail.  |f 5  |g 5  |h N  |i 0  |k 1 
TYP |a Monograph 
TYP |a Printed language 
980 |a Mạng thư viện Đại học Đà Nẵng